Perry Belmont papers, (Record no. 43040)

MARC details
000 -LEADER
fixed length control field 01165cpcaa2200265 4500
001 - CONTROL NUMBER
control field mm 81012351
003 - CONTROL NUMBER IDENTIFIER
control field DLC
005 - DATE AND TIME OF LATEST TRANSACTION
control field 20260227111706.0
008 - FIXED-LENGTH DATA ELEMENTS--GENERAL INFORMATION
fixed length control field 811116|||||||||||| eng
010 ## - LIBRARY OF CONGRESS CONTROL NUMBER
LC control number mm 81012351
040 ## - CATALOGING SOURCE
Original cataloging agency DLC
Transcribing agency DLC
Description conventions dacs
Modifying agency DLC
072 #7 - SUBJECT CATEGORY CODE
Subject category code R
Source lcmd
100 1# - MAIN ENTRY--PERSONAL NAME
Personal name Belmont, Perry,
Dates associated with a name 1850-1947.
245 00 - TITLE STATEMENT
Title Perry Belmont papers,
Inclusive dates 1775-1900.
300 ## - PHYSICAL DESCRIPTION
Extent 500
Type of unit items.
300 ## - PHYSICAL DESCRIPTION
Extent 2
Type of unit containers plus
Extent 1
Type of unit oversize.
506 0# - RESTRICTIONS ON ACCESS NOTE
Terms governing access Open to research.
520 8# - SUMMARY, ETC.
Summary, etc. Correspondence (chiefly 1900), account books (1775-1827), stock transfer book (1816-1822) of the Loudon Company (Va.), scrapbooks, and pamphlets. The small number of letters are concerned mostly with politics and the possible presidential candidacy of Admiral Dewey.
545 0# - BIOGRAPHICAL OR HISTORICAL DATA
Biographical or historical data Lawyer, author, diplomat, and U.S. representative from New York.
546 ## - LANGUAGE NOTE
Language note Collection material in English.
600 10 - SUBJECT ADDED ENTRY--PERSONAL NAME
Personal name Dewey, George,
Dates associated with a name 1837-1917.
610 20 - SUBJECT ADDED ENTRY--CORPORATE NAME
Corporate name or jurisdiction name as entry element Loudon Company (Va.)
656 #7 - INDEX TERM--OCCUPATION
Occupation Representatives, U.S. Congress
Geographic subdivision New York (State)
Source of term itoamc

No items available.

Powered by Koha